000
00278nam a22001217a 4500
003
SGT
082
_a
920
_b
M92G
100
_a
GUPTA, KRISHNA MURTI
245
_a
MIRA BEHN : GANDHIJI DAUGHTER DISCIPLE
260
_b
HIMALAYA SEWA SANGH
_c
1992
300
_a
298
942
_2
ddc
_c
BK
999
_c
32039
_d
32039